000
00248nam a2200097Ia 4500
001
1206774
005
20250827022812.0
008
250824s9999 xx 000 0 und d
245
0
_a
MAİ VE SİYAH
_c
HALİT ZİYA UŞAKLIGİL
260
_b
CAN YAYINLARI
999
_c
1206774
_d
1206774